London Underground Stations - Sudden Death - Statistics

General Stats
  • This quiz has been taken 1,208 times
  • The average score is 11 of 21
Answers on the Grid
Answers color-coded by a green-red scale on the quiz's grid according to % correct below.
Abbey Wood
Acton Central
Angel
Arsenal
Baker Street
Bank
Canary Wharf
City Thameslink
Clapham Junction
Covent Garden
Denmark Hill
Epping
Fenchurch Street
Goodge Street
Green Park
Greenford
Greenwich
Hammersmith
High Street Kensington
Holborn
Kew Gardens
King's Cross St Pancras
Knightsbridge
London City Airport
Mayfair
Seven Sisters
Shadwell
Shepherd's Bush
Stratford
Walford East
Watford
Willesden Junction
 
Answer Stats
Answer % Correct
Baker Street
78%
Bank
73%
Angel
71%
Canary Wharf
62%
Covent Garden
61%
Arsenal
59%
Green Park
56%
King's Cross St Pancras
52%
Goodge Street
50%
Holborn
50%
Hammersmith
48%
High Street Kensington
46%
Knightsbridge
46%
Epping
45%
Shepherd's Bush
45%
Seven Sisters
44%
Stratford
42%
Kew Gardens
40%
Willesden Junction
34%
Greenford
32%
Watford
32%
No matching quizzes found
Score Distribution
Percent of People with Each Score
Percentile by Number Answered
Your Score History
You have not taken this quiz